International business : (Record no. 18415)
[ view plain ]
| 000 -LEADER | |
|---|---|
| fixed length control field | 01510nam a22003855i 4500 |
| 001 - CONTROL NUMBER | |
| control field | 016319192 |
| 003 - CONTROL NUMBER IDENTIFIER | |
| control field | EG-ScBUE |
| 005 - DATE AND TIME OF LATEST TRANSACTION | |
| control field | 20210121124456.0 |
| 008 - FIXED-LENGTH DATA ELEMENTS--GENERAL INFORMATION | |
| fixed length control field | 130502t20142014enka f bd 001 0 eng d |
| 020 ## - INTERNATIONAL STANDARD BOOK NUMBER | |
| International Standard Book Number | 9780273786979 (pbk.) |
| 020 ## - INTERNATIONAL STANDARD BOOK NUMBER | |
| International Standard Book Number | 0273786970 (pbk.) |
| 040 ## - CATALOGING SOURCE | |
| Original cataloging agency | StDuBDS |
| Language of cataloging | eng |
| Description conventions | rda |
| Transcribing agency | StDuBDS |
| Modifying agency | Uk |
| -- | EG-ScBUE |
| -- | EG-ScBUE |
| 082 04 - DEWEY DECIMAL CLASSIFICATION NUMBER | |
| Classification number | 658.049 |
| Item number | WIL |
| Edition number | 22 |
| 100 1# - MAIN ENTRY--PERSONAL NAME | |
| Personal name | Wild, John J., |
| Relator term | author. |
| 9 (RLIN) | 4506 |
| 245 10 - TITLE STATEMENT | |
| Title | International business : |
| Remainder of title | the challenges of globalization / |
| Statement of responsibility, etc | John J. Wild, University of Wisconsin, Madison, Kenneth L. Wild, University of London, |
| 250 ## - EDITION STATEMENT | |
| Edition statement | Seventh edition. |
| 250 ## - EDITION STATEMENT | |
| Edition statement | Global edition. |
| 264 #1 - PUBLICATION, DISTRIBUTION, ETC. (IMPRINT) | |
| Place of publication, distribution, etc | Harlow, England : |
| Name of publisher, distributor, etc | Pearson Education Limited, |
| Date of publication, distribution, etc | [2014] |
| 264 #4 - PUBLICATION, DISTRIBUTION, ETC. (IMPRINT) | |
| Date of publication, distribution, etc | c2014 |
| 300 ## - PHYSICAL DESCRIPTION | |
| Extent | 473 pages : |
| Other physical details | illustrations (color) ; |
| Dimensions | 28 cm |
| 336 ## - CONTENT TYPE | |
| Content type term | text |
| Content type code | txt |
| Source | rdacontent |
| 337 ## - MEDIA TYPE | |
| Media type term | unmediated |
| Media type code | n |
| Source | rdamedia |
| 338 ## - CARRIER TYPE | |
| Carrier type term | volume |
| Carrier type code | nc |
| Source | rdacarrier |
| 500 ## - GENERAL NOTE | |
| General note | Glossary : p. 443-450. |
| 500 ## - GENERAL NOTE | |
| General note | Student access code inside : my management lab ; ISBN 0273787241-9780273787242. |
| 504 ## - BIBLIOGRAPHY, ETC. NOTE | |
| Bibliography, etc | Includes bibliographical references and index.<br/> |
| 650 #7 - SUBJECT ADDED ENTRY--TOPICAL TERM | |
| Topical term or geographic name as entry element | International business enterprises |
| General subdivision | Management. |
| 9 (RLIN) | 4507 |
| Source of heading or term | BUEsh |
| 650 #7 - SUBJECT ADDED ENTRY--TOPICAL TERM | |
| Topical term or geographic name as entry element | International trade. |
| Source of heading or term | BUEsh |
| 9 (RLIN) | 4508 |
| 650 #7 - SUBJECT ADDED ENTRY--TOPICAL TERM | |
| Topical term or geographic name as entry element | Globalization. |
| Source of heading or term | BUEsh |
| 9 (RLIN) | 2820 |
| 651 ## - SUBJECT ADDED ENTRY--GEOGRAPHIC NAME | |
| Source of heading or term | BUEsh |
| 653 ## - INDEX TERM--UNCONTROLLED | |
| Resource For college | BAEPS, Business Administration |
| Arrived date list | September2014 |
| -- | December2016 |
| 700 1# - ADDED ENTRY--PERSONAL NAME | |
| Personal name | Wild, Kenneth L., |
| Relator term | author. |
| 9 (RLIN) | 4509 |
| 856 42 - ELECTRONIC LOCATION AND ACCESS | |
| Materials specified | Student access code |
| Uniform Resource Identifier | <a href="https://mlm.pearson.com/global/mymanagementlab/">https://mlm.pearson.com/global/mymanagementlab/</a> |
| 942 ## - ADDED ENTRY ELEMENTS (KOHA) | |
| Source of classification or shelving scheme | Dewey Decimal Classification |
| Koha item type | Book - Borrowing |
| Withdrawn status | Lost status | Source of classification or shelving scheme | Damaged status | Not for loan | Collection code | Home library | Current library | Shelving location | Date acquired | Source of acquisition | Total Checkouts | Full call number | Barcode | Date last seen | Price effective from | Koha item type | Materials specified (bound volume or other part) | Total Renewals | Date checked out | Cost, normal purchase price | Cost, replacement price | Serial Enumeration / chronology |
|---|---|---|---|---|---|---|---|---|---|---|---|---|---|---|---|---|---|---|---|---|---|---|
| Dewey Decimal Classification | Baccah | Central Library | Central Library | First floor | 28/09/2014 | 658.049 WIL | 000036400 | 15/07/2025 | 28/09/2014 | NB - Book (Non borrowing) | ||||||||||||
| Lost | Dewey Decimal Classification | Baccah | Central Library | Central Library | First floor | 28/09/2014 | 658.049 WIL | 000036401 | 28/09/2014 | 28/09/2014 | Book - Borrowing | Lost In Inventory_2015-8-23 | ||||||||||
| Dewey Decimal Classification | Baccah | Central Library | Central Library | First floor | 28/09/2014 | 15 | 658.049 WIL | 000036402 | 15/07/2025 | Book - Borrowing | 125 | 15/07/2019 | ||||||||||
| Dewey Decimal Classification | Baccah | Central Library | Central Library | First floor | 28/09/2014 | 13 | 658.049 WIL | 000036403 | 15/07/2025 | Book - Borrowing | 102 | 09/10/2019 | ||||||||||
| Dewey Decimal Classification | Baccah | Central Library | Central Library | First floor | 28/09/2014 | 22 | 658.049 WIL | 000036404 | 15/07/2025 | 28/09/2014 | Book - Borrowing | 84 | 11/11/2020 | |||||||||
| Dewey Decimal Classification | Baccah | Central Library | Central Library | First floor | 28/09/2014 | 14 | 658.049 WIL | 000036405 | 15/07/2025 | 28/09/2014 | Book - Borrowing | 93 | 07/10/2019 | |||||||||
| Dewey Decimal Classification | Baccah | Central Library | Central Library | First floor | 28/09/2014 | 15 | 658.049 WIL | 000036406 | 15/07/2025 | 28/09/2014 | Book - Borrowing | 107 | 26/12/2019 | |||||||||
| Dewey Decimal Classification | Baccah | Central Library | Central Library | First floor | 28/09/2014 | 13 | 658.049 WIL | 000036407 | 15/07/2025 | Book - Borrowing | 80 | 07/10/2019 | ||||||||||
| Lost & Replaced | Dewey Decimal Classification | Baccah | Central Library | Central Library | First floor | 28/09/2014 | Purchase | 18 | 658.049 WIL | 000036408 | 20/01/2021 | Book - Borrowing | 83 | 17/02/2020 | 600.00 | 750.00 | ||||||
| Dewey Decimal Classification | Baccah | Central Library | Central Library | First floor | 28/09/2014 | 17 | 658.049 WIL | 000036409 | 15/07/2025 | 28/09/2014 | Book - Borrowing | 60 | 23/12/2019 | |||||||||
| Dewey Decimal Classification | Baccah | Central Library | Central Library | First floor | 01/12/2016 | Purchase | 7 | 658.049 WIL | 000040184 | 15/01/2026 | 01/12/2016 | Book - Borrowing | 7 | 15/12/2025 | 352.00 | 440.00 | 25140 | |||||
| Dewey Decimal Classification | unknown | Central Library | Central Library | First floor | 21/01/2021 | Exchange | 1 | 658.049 WIL | 000050175 | 05/01/2026 | 21/01/2021 | Book - Borrowing | 2 | 15/12/2025 |